00507nam a22001577a 450000500170000001000150001702000260003203500140005803700130007208200110008510000220009624500750011826000790019327000560027230000210032820170808162325.0 aENG-119068 c175.00a9788184654523 aEN-102600 bDBAD/PUB a280.64 aRedferan,Alastair aLiving in love :cby Alastair Redferanbmysticism in a material world/ aDelhibThe Indian Society for Promoting Christian Knowlewdge(ISPCK))c2014 a1585,1654 Madarsa Road Kashmere GatebDelhie110006 ax,144c22cm(pbk)